Statystyki dla Więcej czy mniej? (powierzchnia)

Kliknij tutaj aby rozwiązać quiz!

Ogólne statystyki

  • Ten quiz został rozwiązany 50 razy
  • Średni wynik to 5 z 5

Statystyki odpowiedzi

ZagadnienieOdpowiedź% Poprawnych
Francja czy Holandia?
100%
Francja czy Hiszpania?
100%
Węgry czy Polska?
100%
Finlandia czy Chorwacja?
100%
Polska czy Francja?
100%
Finlandia czy Włochy?
100%
Belgia czy Liechtenstein?
100%
Austria czy Rosja?
100%
Estonia czy Włochy?
100%
Litwa czy Andora?
100%
Łotwa czy Rumunia?
100%
Niemcy czy Holandia?
100%
Luksemburg czy Rumunia?
100%
Bośnia i Hercegowina czy Polska?
100%
Słowenia czy Finlandia?
100%
Portugalia czy Luksemburg?
100%
Szwajcaria czy Grecja?
100%
Belgia czy San Marino?
100%
Grecja czy Luksemburg?
92%
Polska czy Serbia?
92%
Malta czy Islandia?
89%
Luksemburg czy Białoruś?
86%
Islandia czy Norwegia?
86%
Wielka Brytania czy Włochy?
80%
Irlandia czy Watykan?
80%
Estonia czy Łotwa?
75%
Wielka Brytania czy Szwecja?
73%
Słowacja czy Francja?
71%
Finlandia czy Francja?
57%
San Marino czy Monako?
57%

Rozkład punktacji

Percentyl według liczby udzielonych odpowiedzi

Procent ludzi z każdym wynikiem

Twoja historia wyników

Nie rozwiązałeś tego quizu